zpět

Detail výsledku týmu

Bowling pub, Vyškov

Datum a čas kvízu

31 Celkem bodů Celkový počet nahraných bodů na tomto kvízu bez doplňovacích otázek.
7. Pořadí na kvízu Konečné umístění týmu na tomto kvízu.

Zaznamenané odpovědi

# Otázka Odpověď Body Výsledky
1. V pondělí přijel na státní náv... z Belgie 1
2. Terminálu jednoho letiště vévo... ve Wellingtonu 1
3. Minulý týden vyšlo album Ostra... Michal Prokop 1
4. Ve středu byl zveřejněn žebříč... Michal Strnad 1
5. Tři minuty a 57 sekund. Přesně... Španělsko 0
6. Podíváme se na historické udál... O. J. Simpson, americký fotbal 1
7. Seřaďte chronologicky tyto pol... 1D 2A 3B 4C 0
8. V České republice vystoupila o... D 1
9. Jak se nazývá stát, který vsto... Chorvatsko 1
10. Ve kterém městě získala samost... ve Vídni, Kanadu 0.5